Statistics for World Capitals by Map, without Countries

Click here to take the quiz!

General Stats

  • This quiz has been taken 10,471 times
    (1,827 since last reset)
  • The average score is 151 of 196

Answer Stats

Country Capital City % Correct
United StatesWashington D.C.
97%
MexicoMexico City
96%
United KingdomLondon
96%
CanadaOttawa
95%
FranceParis
95%
ChinaBeijing
95%
RussiaMoscow
95%
SpainMadrid
95%
EgyptCairo
94%
IrelandDublin
94%
NorwayOslo
94%
BrazilBrasília
94%
GermanyBerlin
94%
SwedenStockholm
93%
PortugalLisbon
93%
JapanTokyo
93%
BelgiumBrussels
93%
NetherlandsAmsterdam
93%
South KoreaSeoul
92%
IndiaNew Delhi
92%
FinlandHelsinki
92%
DenmarkCopenhagen
92%
ArgentinaBuenos Aires
92%
ItalyRome
92%
South AfricaPretoria, Cape Town
or Bloemfontein
91%
LuxembourgLuxembourg
91%
AustraliaCanberra
91%
GreeceAthens
91%
PolandWarsaw
91%
ChileSantiago
90%
PeruLima
90%
MonacoMonaco
90%
SwitzerlandBern
90%
HungaryBudapest
90%
IcelandReykjavík
90%
Vatican CityVatican City
90%
AustriaVienna
90%
UkraineKiev
90%
AlgeriaAlgiers
89%
IsraelJerusalem
89%
Czech RepublicPrague
89%
IndonesiaJakarta
89%
TunisiaTunis
89%
TurkeyAnkara
88%
PanamaPanama City
88%
ColombiaBogotá
88%
CubaHavana
88%
North KoreaPyongyang
87%
IranTehran
87%
New ZealandWellington
87%
LatviaRiga
87%
ThailandBangkok
87%
RomaniaBucharest
87%
BelarusMinsk
87%
San MarinoSan Marino
87%
VenezuelaCaracas
86%
IraqBaghdad
86%
BulgariaSofia
86%
PakistanIslamabad
85%
EstoniaTallinn
85%
TaiwanTaipei
85%
United Arab EmiratesAbu Dhabi
85%
PhilippinesManila
85%
UruguayMontevideo
85%
BoliviaLa Paz or Sucre
85%
SingaporeSingapore
85%
EcuadorQuito
84%
VietnamHanoi
84%
JamaicaKingston
84%
Saudi ArabiaRiyadh
84%
AndorraAndorra
la Vella
84%
Saint Vincent and the
Grenadines
Kingstown
84%
KenyaNairobi
84%
LibyaTripoli
84%
MoroccoRabat
84%
AfghanistanKabul
83%
GuatemalaGuatemala City
83%
SlovakiaBratislava
83%
MongoliaUlaanbaatar
83%
SerbiaBelgrade
83%
CroatiaZagreb
83%
LithuaniaVilnius
82%
MalaysiaKuala Lumpur
82%
BangladeshDhaka
82%
EthiopiaAddis Ababa
82%
SyriaDamascus
82%
MaltaValletta
81%
LiechtensteinVaduz
81%
Bosnia and
Herzegovina
Sarajevo
81%
NepalKathmandu
80%
El SalvadorSan Salvador
80%
SenegalDakar
79%
KuwaitKuwait City
79%
DjiboutiDjibouti
79%
KazakhstanAstana
79%
AzerbaijanBaku
79%
QatarDoha
79%
AlbaniaTirana
79%
BahamasNassau
78%
GuyanaGeorgetown
78%
ParaguayAsunción
78%
MacedoniaSkopje
78%
HaitiPort-au-Prince
78%
CyprusNicosia
78%
Costa RicaSan José
78%
LebanonBeirut
78%
OmanMuscat
77%
SloveniaLjubljana
77%
KosovoPristina
77%
Democratic Republic
of the Congo
Kinshasa
77%
GeorgiaTbilisi
77%
JordanAmman
77%
MoldovaChișinău
76%
YemenSana'a
76%
SudanKhartoum
76%
SomaliaMogadishu
75%
Dominican RepublicSanto Domingo
75%
ArmeniaYerevan
75%
CambodiaPhnom Penh
74%
MaldivesMalé
74%
NigeriaAbuja
74%
East TimorDili
72%
Sierra LeoneFreetown
72%
AngolaLuanda
72%
NicaraguaManagua
72%
UzbekistanTashkent
72%
Trinidad and TobagoPort-of-Spain
72%
MontenegroPodgorica
72%
LaosVientiane
71%
BelizeBelmopan
71%
HondurasTegucigalpa
71%
GhanaAccra
71%
SurinameParamaribo
70%
Republic of the CongoBrazzaville
70%
MadagascarAntananarivo
70%
KyrgyzstanBishkek
70%
NamibiaWindhoek
69%
Papua New GuineaPort Moresby
69%
South SudanJuba
69%
UgandaKampala
68%
SeychellesVictoria
68%
BahrainManama
68%
TurkmenistanAshgabat
68%
São Tomé and PríncipeSão Tomé
68%
ZimbabweHarare
68%
Guinea-BissauBissau
67%
BhutanThimphu
66%
ZambiaLusaka
66%
EritreaAsmara
66%
LiberiaMonrovia
65%
Antigua and BarbudaSaint John's
65%
MaliBamako
65%
Sri LankaSri
Jayawardenapura
Kotte
65%
BarbadosBridgetown
65%
FijiSuva
65%
TanzaniaDodoma
64%
RwandaKigali
64%
MauritiusPort Louis
64%
MozambiqueMaputo
64%
Burkina FasoOuagadougou
63%
GabonLibreville
63%
BotswanaGaborone
63%
NigerNiamey
63%
GrenadaSaint George's
63%
ChadN'Djamena
63%
TajikistanDushanbe
63%
BruneiBandar Seri
Begawan
62%
Cape VerdePraia
62%
BeninPorto-Novo or
Cotonou
61%
GuineaConakry
61%
TogoLomé
61%
CameroonYaoundé
60%
Central African RepublicBangui
60%
DominicaRoseau
60%
SamoaApia
60%
MyanmarNaypyidaw
60%
Saint LuciaCastries
59%
GambiaBanjul
59%
Saint Kitts and NevisBasseterre
59%
ComorosMoroni
58%
SwazilandMbabane
58%
MauritaniaNouakchott
58%
MalawiLilongwe
58%
Cote d'IvoireYamoussoukro
56%
TuvaluFunafuti
56%
LesothoMaseru
56%
VanuatuPort Vila
55%
NauruYaren
54%
Solomon IslandsHoniara
53%
Equatorial GuineaMalabo
53%
TongaNukuʻalofa
51%
KiribatiSouth Tarawa
51%
PalauNgerulmud
49%
Federated States of
Micronesia
Palikir
48%
BurundiGitega
48%
Marshall IslandsMajuro
48%

Score Distribution

Percentile by Number Answered

Percent of People with Each Score

Your Score History

You have not taken this quiz since the last reset